Statistiken für Disney Cartoon Serien

Klicken Sie hier um das Quiz zu spielen!

Allgemein

  • Dieses Quiz wurde 489 mal gespielt
  • Das Durchschnittsergebnis liegt bei 12 aus 18

Antwortstatistiken

HintAntwort% Korrekt
Eine magische Wunderlampe und Abenteuer in AgrabahAladdin
87%
Der Bär liebt Honig - Neue Abenteuer mit...Winnie Puuh
86%
Eine Teenagerin, die nebenbei die Welt rettet. Call me, beep me...Kim Possible
83%
Ein Mädchen und ihr außerirdischer Freund machen Hawaii unsicherLilo & Stitch
83%
Cruelle De Vil macht weiter Jagd auf Hündchen101 Dalmatiner
82%
Hüpfen hier und dort und überall. Der Saft bringt die KraftGummibärenbande
82%
2 geniale Stiefbrüder und ihr Schnabeltier treiben Schwester Candace zur WeißglutPhineas und Ferb
77%
Tick, Trick und Track halten Onkel Dagobert auf TrabDucktales
76%
Das schönste am ganzen Tag, das sind die Pausen. Besonders für T.J.Detweiler und seine Freunde.Große Pause
76%
Erdmännchen und Warzenschwein aus König der Löwen erhalten ihre eigene Serie, Abenteuer mit...Timon und Pumbaa
76%
Die Jugendjahre eines Halbgottes in AusbildungHercules
74%
Ein Bär als Pilot im Kampf gegen die LuftpiratenKäpt'n Balu
66%
Ein Hund und sein Sohn ziehen nach Hundshausen und nerven Nachbar Kater KarloGoofy und Max
56%
Ein Junge sorgt mit seiner Partnerin Ingrid in der Schule für Recht und OrdnungFillmore
52%
Die Rettungstruppe im Einsatz gegen das BöseChip und Chap
48%
Eddie Erpel als maskierter Held - Zwo, Eins, RisikoDarkwing Duck
44%
Die Königsklasse ruft...Kuzco
44%
Endlich wieder Wochenende!Wochenend-Kids
35%

Verteilung der Resultate

Perzentil nach korrekt beantworteten Fragen

Anzahl Personen mit jedem Resultat

Ihre Resultats-Entwicklung

Sie haben dieses Quiz noch nicht gespielt